[Event "12th Open"]
[Site "Dubai UAE"]
[Date "2010.04.06"]
[Round "2"]
[White "Khukhashvili,S"]
[Black "Baklan,V"]
[Result "0-1"]
[WhiteElo "2421"]
[BlackElo "2644"]
[EventDate "2010.04.05"]

1. e4 c5 2. Nf3 d6 3. d4 cxd4 4. Nxd4 Nf6 5. Nc3 Nc6 6. Bg5 e6 7. Qd2 a6 8.
O-O-O Bd7 9. f4 Be7 10. Nxc6 Bxc6 11. Qe1 Qa5 12. Bd3 h6 13. Bxf6 Bxf6 14.
Nd5 Bd8 15. Kb1 Qxe1 16. Rhxe1 O-O 17. Ne3 Bc7 18. c3 Rfe8 19. g4 Rad8 20.
h4 Bb6 21. Bc2 Kf8 22. Nc4 Bc7 23. g5 Ke7 24. Ne3 Bd7 25. f5 hxg5 26. hxg5
Rh8 27. Ng4 Rh4 28. f6+ gxf6 29. gxf6+ Kf8 30. Ne3 Rh6 31. e5 Bc6 32. Ng4
Rh4 33. Rg1 dxe5 34. Rxd8+ Bxd8 35. Nxe5 Be8 36. Rf1 Bxf6 37. Nd3 Ke7 38.
Re1 Kd6 39. Nf2 Kc7 40. Ne4 Be7 41. b4 Bc6 42. Ng3 Rh3 43. Nf5 Bf6 44. Nd4
Bxd4 45. cxd4 Rh2 46. Rf1 f5 47. Bb3 Kd6 48. Rg1 f4 49. Kc1 f3 0-1

[Event "12th Open"]
[Site "Dubai UAE"]
[Date "2010.04.06"]
[Round "2"]
[White "Ibrayev,N"]
[Black "Balogh,C"]
[Result "1-0"]
[WhiteElo "2405"]
[BlackElo "2622"]
[EventDate "2010.04.05"]

1. Nf3 d5 2. d4 Nf6 3. c4 c6 4. e3 Bf5 5. cxd5 cxd5 6. Qb3 Qc7 7. Bd2 Nc6
8. Bb5 e6 9. Bb4 Bxb4+ 10. Qxb4 Nd7 11. Qa3 a6 12. O-O Rc8 13. Bxc6 Qxc6
14. Nbd2 f6 15. Nb3 Kf7 16. Rfc1 Qb6 17. h3 g5 18. Na5 Rc7 19. Rc3 Rhc8 20.
Rac1 Ke8 21. Nd2 Kd8 22. Ndb3 Rxc3 23. Rxc3 Rxc3 24. bxc3 Ke8 25. c4 Bc2
26. Nc5 Nxc5 27. dxc5 Qb1+ 28. Kh2 dxc4 29. Nxc4 Be4 30. Nd6+ Kd7 31. Qa4+
Bc6 32. Qd4 Ke7 33. Nc8+ Kf7 34. Qd8 Qb2 35. Nd6+ Kg7 36. Qe7+ Kg6 37. Qf7+
Kh6 38. Qg8 Qc2 39. e4 Bxe4 40. Nf7+ Kh5 41. Qg7 1-0

[Event "12th Open"]
[Site "Dubai UAE"]
[Date "2010.04.06"]
[Round "2"]
[White "Gelashvili,T"]
[Black "Shyam,SM"]
[Result "1/2-1/2"]
[WhiteElo "2621"]
[BlackElo "2372"]
[EventDate "2010.04.05"]

1. Nf3 Nf6 2. c4 g6 3. b3 Bg7 4. Bb2 O-O 5. e3 c5 6. Be2 Nc6 7. O-O d5 8.
cxd5 Qxd5 9. d3 b6 10. Nbd2 Bb7 11. a3 Rad8 12. Qc2 Qd7 13. Rfd1 Nd5 14.
Bxg7 Kxg7 15. Nc4 Qc7 16. Qb2+ Kg8 17. Rac1 Qb8 18. Nce5 Nxe5 19. Nxe5 f6
20. Nc4 e5 21. b4 cxb4 22. axb4 Ne7 23. Bg4 Bd5 24. d4 e4 25. b5 h5 26. Be2
Rd7 27. Na3 Rc8 28. Nc2 Qd6 29. Nb4 Rdc7 30. Na6 Rxc1 31. Rxc1 Rxc1+ 32.
Qxc1 Kf8 33. Qc3 Ke8 34. h4 Kd8 35. Nb4 Bb7 36. Qa3 Kc8 37. Qb3 Kd8 38. g3
Kd7 39. Bf1 Kd8 40. Qa4 Kc7 41. Bg2 f5 42. Bf1 Kb8 43. Bc4 f4 44. gxf4 Nf5
45. Na6+ Kc8 46. Bf1 Kd8 47. Nb4 Nxh4 48. Qxa7 Nf3+ 49. Kg2 Qe6 50. Qb8+
Bc8 51. f5 Qxf5 52. Kh1 Qg4 53. Qg3 Qxg3 54. fxg3 Nd2 55. Be2 Bg4 56. Bxg4
hxg4 57. Nd5 Nc4 58. Kg1 Kd7 59. Kf2 Ke6 60. Nc3 Nd6 61. Ke2 Kf5 62. Nd5
Nc4 63. Ne7+ Kf6 64. Nd5+ Kf5 65. Kf2 Ke6 66. Nc3 Kf5 67. Na4 Ke6 68. Ke2
Kf5 69. Nc3 Nd6 1/2-1/2

[Event "12th Open"]
[Site "Dubai UAE"]
[Date "2010.04.06"]
[Round "2"]
[White "Bajarani,U"]
[Black "Iordachescu,V"]
[Result "0-1"]
[WhiteElo "2395"]
[BlackElo "2621"]
[EventDate "2010.04.05"]

1. e4 e5 2. Nf3 Nc6 3. Bb5 Nf6 4. O-O Nxe4 5. Qe2 Nd6 6. Bxc6 dxc6 7. Qxe5+
Qe7 8. Qa5 Qd8 9. Qe5+ Qe7 10. Qa5 Qd7 11. Qc3 Nf5 12. Re1+ Be7 13. g4 Nd6
14. h3 O-O 15. Na3 Bf6 16. d4 Nb5 17. Nxb5 cxb5 18. Ne5 Qd5 19. Bf4 Be6 20.
b3 a5 21. Rad1 b4 22. Qc5 Rfd8 23. g5 Bxe5 24. Qxd5 Rxd5 25. Rxe5 Rad8 26.
Rxd5 Rxd5 27. Kh2 c6 28. Kg3 f6 29. gxf6 gxf6 30. Be3 Kf7 31. a3 bxa3 32.
Ra1 Rh5 33. Rxa3 Rxh3+ 34. Kg2 Rh5 35. c4 Kg6 36. f3 Rf5 37. Kg3 h5 38. f4
Bd7 39. Kh4 Be8 40. c5 Rd5 41. Rxa5 Rd7 42. b4 Kf5 43. Ra7 Re7 44. Bf2 Ke4
45. Ra3 Kxf4 46. b5 Re4 47. d5 Ke5+ 48. Kg3 Kxd5 49. b6 Rg4+ 50. Kh2 Bg6
51. Rf3 Ke6 52. Ra3 Be4 53. Kh3 Rg7 54. Ra8 Bg2+ 55. Kh2 Bd5 56. Kh3 Kf5
57. Bg3 Ke4 58. Ra4+ Kf5 59. Ra8 Bc4 60. Rd8 Bf1+ 61. Kh2 Re7 62. Kg1 Ba6
63. Rf8 Re4 64. Bc7 h4 65. Bd8 Rg4+ 66. Kh2 Rg6 67. Rh8 Kg4 68. Rf8 Rg5 69.
Bxf6 Rxc5 70. Rg8+ Kf3 71. Rf8 Rf5 72. Kh3 Rf4 0-1

[Event "12th Open"]
[Site "Dubai UAE"]
[Date "2010.04.06"]
[Round "2"]
[White "Sharbaf,M"]
[Black "Petrosian,TL"]
[Result "1-0"]
[WhiteElo "2373"]
[BlackElo "2612"]
[EventDate "2010.04.05"]

1. d4 d5 2. Nc3 c6 3. e4 dxe4 4. Nxe4 Bf5 5. Ng3 Bg6 6. h4 h6 7. N1e2 Nf6
8. Nf4 Bh7 9. Bc4 e6 10. Qe2 Nd5 11. c3 Bd6 12. Nxd5 Bxg3 13. Nf4 Bxf4 14.
Bxf4 Nd7 15. d5 cxd5 16. Bxd5 O-O 17. Bxb7 Nc5 18. Rd1 Nd3+ 19. Rxd3 Bxd3
20. Qd2 Bc4 21. b3 Qxd2+ 22. Bxd2 Rab8 23. Be4 Ba6 24. Be3 Bb7 25. Bxb7
Rxb7 26. Kd2 Rd8+ 27. Kc2 e5 28. b4 f5 29. Re1 Kf7 30. g3 Kf6 31. h5 a6 32.
a4 e4 33. Rb1 Ke6 34. b5 axb5 35. axb5 Rc8 36. b6 Rf8 37. Rb5 f4 38. Bxf4
Kd7 39. Be3 Kd6 40. c4 Rf6 41. Kc3 Kc6 42. Kb4 Re7 43. Rd5 Rfe6 44. Rd8 Re8
45. Rd2 Re5 46. c5 R5e6 47. Ra2 R6e7 48. Ra6 Rb7 49. Kc4 Rd8 50. Bf4 Rd5
51. Bd6 Rd2 52. Ra8 Rxf2 53. Kd4 Rf5 54. g4 Rg5 55. Rc8+ Kd7 56. Rf8 Rxg4
57. Kd5 Rg5+ 58. Be5 Rxe5+ 59. Kxe5 Kc6 60. Kd4 Rd7+ 61. Kc4 Re7 62. Rc8+
Kb7 63. Rd8 e3 64. Kb5 Re5 65. Rd7+ Kb8 66. Ka6 Kc8 67. c6 Rc5 68. Re7 Re5
69. Rd7 Kb8 70. Re7 1-0

[Event "12th Open"]
[Site "Dubai UAE"]
[Date "2010.04.06"]
[Round "2"]
[White "Karavade,E"]
[Black "Guseinov,G"]
[Result "0-1"]
[WhiteElo "2366"]
[BlackElo "2609"]
[EventDate "2010.04.05"]

1. d4 d6 2. Nf3 g6 3. g3 Bg7 4. Bg2 Nd7 5. c4 e5 6. Nc3 Ne7 7. O-O O-O 8.
e4 exd4 9. Nxd4 Nc6 10. Nce2 Nb6 11. Nxc6 bxc6 12. Qc2 Ba6 13. c5 dxc5 14.
Rd1 Qe7 15. Bf4 g5 16. Be3 Nc4 17. Bc1 Rfd8 18. Rxd8+ Rxd8 19. Nc3 Bd4 20.
Bf1 Qf6 21. Rb1 h6 22. Nd1 Qe6 23. b3 Ne5 24. Bxa6 Nf3+ 25. Kf1 Qh3+ 26.
Ke2 Qh5 27. Ne3 Bxe3 28. Kxe3 Ne1 0-1

[Event "12th Open"]
[Site "Dubai UAE"]
[Date "2010.04.06"]
[Round "2"]
[White "Safarli,E"]
[Black "Ramnath,B"]
[Result "1-0"]
[WhiteElo "2606"]
[BlackElo "2360"]
[EventDate "2010.04.05"]

1. e4 c5 2. Nf3 Nc6 3. Bb5 g6 4. Bxc6 dxc6 5. d3 Bg7 6. h3 b6 7. O-O Nh6 8.
a3 O-O 9. Nbd2 f6 10. Nc4 Nf7 11. Be3 Qc7 12. Qe2 f5 13. exf5 Bxf5 14. Rae1
Rae8 15. Bd2 e5 16. Bc3 e4 17. Nh4 Bxc3 18. bxc3 Bc8 19. f4 Qd8 20. Qf2
exd3 21. Rd1 Qf6 22. cxd3 Qxc3 23. Qg3 b5 24. Nd2 Re2 25. Ndf3 Qf6 26. Kh1
Re3 27. Rc1 Bf5 28. Qf2 Rxd3 29. Nxf5 Qxf5 30. Rxc5 Qxf4 31. Qc2 Rxa3 32.
Nh2 Qa4 33. Qc1 h5 34. Rxc6 Kg7 35. Qb2+ Kh7 36. Rc8 Rb3 37. Rxf7+ 1-0

[Event "12th Open"]
[Site "Dubai UAE"]
[Date "2010.04.06"]
[Round "2"]
[White "Solomon,K"]
[Black "Iturrizaga,E"]
[Result "0-1"]
[WhiteElo "2354"]
[BlackElo "2604"]
[EventDate "2010.04.05"]

1. Nf3 Nf6 2. c4 c5 3. Nc3 b6 4. g3 Bb7 5. Bg2 g6 6. O-O Bg7 7. d4 Ne4 8.
Nxe4 Bxe4 9. d5 O-O 10. Nh4 Bxg2 11. Nxg2 d6 12. Qc2 b5 13. cxb5 Qb6 14.
Bg5 h6 15. Bd2 Qxb5 16. Bc3 Nd7 17. Ne3 Nf6 18. Rab1 Qd7 19. Rfd1 h5 20.
Ng2 Rfe8 21. e4 e6 22. Nf4 e5 23. Ng2 Qg4 24. Re1 Nh7 25. Ne3 Qf3 26. h4
Bf8 27. b3 Nf6 28. Nf1 Ng4 29. Nh2 Nxh2 30. Kxh2 Bh6 31. Rbd1 Rac8 32. Rd3
Qf6 33. Ba5 g5 34. hxg5 Bxg5 35. Kg2 h4 36. Rh1 Qg6 37. Rf3 f6 38. Qc4 Re7
39. Qa6 Rce8 40. Rf5 hxg3 41. fxg3 Rg7 42. Rh3 Bh4 43. Be1 Qg4 44. Qd3 Bg5
45. Qf3 Qxf3+ 46. Rxf3 Rf8 47. Rh1 Kf7 48. b4 Rc8 49. Rc3 c4 50. Kf3 Kg6
51. Rh2 Rb7 52. a3 f5 53. Rhc2 Rbc7 54. Bd2 Bxd2 55. Rxd2 Kg5 56. Rdc2 a6
57. Rc1 Kf6 58. R1c2 fxe4+ 59. Kxe4 Rg7 60. Kf3 Rcg8 61. Kf2 e4 62. Re2 Rg4
63. Rce3 Ke5 64. Rd2 Rb8 65. Kg2 Rf8 66. Kh3 Rg7 67. Rde2 Kxd5 68. Rxe4 Rf3
69. Kh2 0-1

[Event "12th Open"]
[Site "Dubai UAE"]
[Date "2010.04.06"]
[Round "2"]
[White "Aleksandrov,A"]
[Black "Meenakshi,Sub"]
[Result "1-0"]
[WhiteElo "2601"]
[BlackElo "2348"]
[EventDate "2010.04.05"]

1. d4 Nf6 2. c4 c5 3. d5 b5 4. cxb5 a6 5. bxa6 g6 6. Nc3 Bxa6 7. e4 Bxf1 8.
Kxf1 d6 9. g3 Bg7 10. Nf3 O-O 11. Kg2 Nbd7 12. h3 Ra6 13. Re1 Qa8 14. Bf4
Nb6 15. Qc1 Na4 16. Nd1 Rb8 17. Re2 Ne8 18. Bh6 Bh8 19. Rb1 Nc7 20. b3 Qb7
21. Rc2 e6 22. dxe6 Nxe6 23. Qe3 Nd4 24. Rd2 Re8 25. Nxd4 cxd4 26. Rxd4 Nc5
27. Rd2 Nxe4 28. f3 Nf6 29. Qd3 Nd7 30. Ne3 Qa8 31. a4 Nc5 32. Qc4 Qb7 33.
Nd5 Rxa4 34. bxa4 Qxb1 35. Qxc5 Bg7 36. Ne7+ Kh8 37. Bxg7+ Kxg7 38. Qxd6
Qe1 39. Qd4+ f6 40. Nd5 1-0

[Event "12th Open"]
[Site "Dubai UAE"]
[Date "2010.04.06"]
[Round "2"]
[White "Padmini,R"]
[Black "Pantsulaia,L"]
[Result "1/2-1/2"]
[WhiteElo "2319"]
[BlackElo "2588"]
[EventDate "2010.04.05"]

1. e4 c6 2. d4 d5 3. Nd2 dxe4 4. Nxe4 Bf5 5. Ng3 Bg6 6. h4 h6 7. Nf3 Nd7 8.
h5 Bh7 9. Bd3 Bxd3 10. Qxd3 e6 11. Bd2 Ngf6 12. O-O-O Bd6 13. Ne4 Nxe4 14.
Qxe4 Qe7 15. Kb1 O-O-O 16. Ba5 Bc7 17. Bxc7 Kxc7 18. Qf4+ Kc8 19. Rd3 Qf6
20. Qg3 Qf5 21. Ra3 a6 22. Re3 Nf6 23. Re5 Qg4 24. Qxg4 Nxg4 25. Re2 Kd7
26. c3 Ke7 27. Rh4 Nf6 28. Ne5 Rd5 29. Kc2 Rhd8 30. Rf4 c5 31. dxc5 Rxc5
32. g4 Rdd5 33. Nd3 Rc7 34. Ne5 b5 35. a4 Kd6 36. Nd3 Rc4 37. axb5 axb5 38.
b3 Rc7 39. Nb4 Rdc5 40. Rd4+ Ke7 41. Re3 Rc8 42. f3 g6 43. hxg6 fxg6 44.
Rd1 h5 45. Rde1 Kf7 46. gxh5 gxh5 47. Kb2 Rg5 48. Rxe6 Rg2+ 49. R6e2 Rxe2+
50. Rxe2 h4 51. Nd3 Kg6 52. Re5 Nh5 53. Nf2 Rf8 54. Re4 Rxf3 55. Rxh4 Rxf2+
56. Ka3 Nf4 57. Kb4 Kg5 58. Rh8 Nd5+ 59. Kxb5 Nxc3+ 60. Kc4 Ne4 61. b4 Rb2
62. Rb8 Kf5 63. Kd5 Nf6+ 64. Kc6 Ke6 65. b5 Rc2+ 66. Kb7 Kd7 67. Ka6 Nd5
68. b6 Ra2+ 69. Kb5 Ne7 70. Rh8 Rb2+ 71. Kc5 Rb1 72. Rh7 Re1 73. Kb5 Rb1+
74. Kc5 Rg1 75. Kb5 Kd6 76. Rh6+ Ng6 77. b7 Kc7 78. Rh7+ Kb8 79. Rg7 Ka7
80. Kc5 Rc1+ 81. Kd6 Nf4 82. b8=Q+ Kxb8 83. Rf7 Nd3 84. Rh7 Nb4 85. Rg7
Rc6+ 86. Ke5 Rh6 87. Kd4 Nc6+ 88. Kc5 Kc8 89. Kd5 Kd8 90. Rb7 Ne7+ 91. Ke5
Ke8 92. Rb1 Ra6 93. Rh1 Ra2 94. Re1 Rd2 95. Kf6 Rd6+ 96. Re6 Rd7 97. Re1
Kd8 98. Rc1 Rd6+ 99. Ke5 Kd7 100. Ra1 Nc6+ 101. Ke4 Rd4+ 102. Ke3 Rb4 103.
Rh1 Ne5 104. Rd1+ Ke6 105. Rd4 Rb3+ 106. Ke4 Ra3 107. Rb4 Nc6 108. Rb5 Ra4+
109. Ke3 Ne7 110. Rb6+ Ke5 111. Rb5+ Nd5+ 112. Kf3 Rd4 113. Rb8 Rd3+ 114.
Kf2 Nf6 115. Rf8 Rh3 116. Kg2 Ra3 117. Kf2 Ne4+ 118. Ke2 Ng3+ 119. Kd2 Ne4+
120. Ke2 Nc3+ 121. Kf2 Kd4 122. Rd8+ Nd5 123. Re8 Nf6 124. Rd8+ Ke4 125.
Rf8 Ng4+ 126. Kg2 Ne3+ 127. Kf2 Ra2+ 128. Ke1 Nc4 129. Kf1 Ne5 130. Kg1 Ke3
131. Re8 Kf4 132. Rf8+ Kg3 133. Kf1 1/2-1/2

[Event "12th Open"]
[Site "Dubai UAE"]
[Date "2010.04.06"]
[Round "2"]
[White "Gagunashvili,M"]
[Black "Schneider,Ve"]
[Result "1-0"]
[WhiteElo "2582"]
[BlackElo "2314"]
[EventDate "2010.04.05"]

1. Nf3 Nf6 2. c4 c5 3. g3 d5 4. cxd5 Nxd5 5. Bg2 Nc6 6. O-O e5 7. Nc3 Nc7
8. a3 Be7 9. b4 a6 10. bxc5 Bxc5 11. Bb2 Be7 12. Na4 f6 13. Nb6 Rb8 14.
Nxc8 Qxc8 15. d4 exd4 16. Nxd4 Nxd4 17. Qxd4 Qe6 18. Rfd1 Nb5 19. Qf4 Bd6
20. Qd2 Bc5 21. Rac1 b6 22. a4 Nc7 23. Qf4 Rc8 24. Bb7 O-O 25. Bxc8 Rxc8
26. Bd4 Qxe2 27. Bxc5 bxc5 28. Re1 Qh5 29. Qc4+ Nd5 30. Red1 Rd8 31. Rd2
1-0

[Event "12th Open"]
[Site "Dubai UAE"]
[Date "2010.04.06"]
[Round "2"]
[White "Abdulrahman,Al"]
[Black "Harika,D"]
[Result "0-1"]
[WhiteElo "1929"]
[BlackElo "2473"]
[EventDate "2010.04.05"]

1. d4 Nf6 2. c4 g6 3. Nc3 Bg7 4. f3 O-O 5. e4 Nc6 6. Be3 e5 7. d5 Nd4 8.
Qd2 c5 9. h3 d6 10. f4 Nh5 11. O-O-O exf4 12. Bxf4 Nxf4 13. Qxf4 f5 14. Bd3
fxe4 15. Qxe4 Qg5+ 16. Kb1 Bf5 17. Qe1 Rae8 18. Qd2 Qxd2 19. Rxd2 Re1+ 20.
Nd1 Bxd3+ 21. Rxd3 Rff1 22. Nf3 Rxh1 23. Nxe1 Rxe1 24. a3 a5 25. a4 Bh6 26.
g4 Bf4 27. h4 g5 0-1

[Event "12th Open"]
[Site "Dubai UAE"]
[Date "2010.04.06"]
[Round "2"]
[White "Grabinsky,V"]
[Black "Melkumyan,H"]
[Result "0-1"]
[WhiteElo "2316"]
[BlackElo "2582"]
[EventDate "2010.04.05"]

1. c4 Nf6 2. Nc3 d5 3. cxd5 Nxd5 4. e4 Nxc3 5. dxc3 Qxd1+ 6. Kxd1 Nd7 7.
Bc4 Nc5 8. f3 e5 9. Be3 a5 10. Kc2 f5 11. Rd1 f4 12. Bf2 c6 13. b4 axb4 14.
cxb4 b5 15. bxc5 bxc4 16. Ra1 g5 17. Ne2 g4 18. fxg4 Bxg4 19. Nc3 Bh6 20.
Bh4 Rf8 21. Rab1 f3 22. gxf3 Rxf3 23. Rhg1 Rd8 24. Rb7 Rd2+ 25. Kb1 Be3 26.
Rb8+ Kf7 27. Rb7+ Rd7 28. Rxd7+ Bxd7 29. Rd1 Be6 30. Kc2 Bxc5 31. Bg3 Bd4
32. Ne2 c5 33. Nxd4 exd4 34. Bd6 Bd7 35. Rd2 c3 0-1

[Event "12th Open"]
[Site "Dubai UAE"]
[Date "2010.04.06"]
[Round "2"]
[White "Arutinian,D"]
[Black "AlHuwar,J"]
[Result "1-0"]
[WhiteElo "2576"]
[BlackElo "2308"]
[EventDate "2010.04.05"]

1. Nf3 Nf6 2. c4 g6 3. b4 Na6 4. Qb3 c5 5. a3 Bg7 6. Bb2 cxb4 7. axb4 Qb6
8. Bc3 O-O 9. Qb2 d6 10. e3 e5 11. d3 Nc7 12. Nbd2 Qc6 13. b5 Qd7 14. Be2
b6 15. O-O a5 16. d4 exd4 17. Nxd4 Bb7 18. Nc6 Qe6 19. Bf3 Bxc6 20. Bxc6
Rab8 21. Nf3 Nfe8 22. Rac1 d5 23. Bxe8 Bxc3 24. Bxf7+ Qxf7 25. Qxc3 dxc4
26. Nd4 Ne6 27. Nc6 Ra8 28. Ne5 Qg7 29. f4 Rfc8 30. Rfd1 Ra7 31. Rd6 Nc5
32. Qxc4+ Kh8 33. Rxb6 Rac7 34. Rc6 1-0

[Event "12th Open"]
[Site "Dubai UAE"]
[Date "2010.04.06"]
[Round "2"]
[White "Shiven,K"]
[Black "Sanikidze,T"]
[Result "0-1"]
[WhiteElo "2305"]
[BlackElo "2566"]
[EventDate "2010.04.05"]

1. e4 e5 2. Nf3 Nc6 3. Bb5 a6 4. Ba4 Nf6 5. O-O Be7 6. Re1 b5 7. Bb3 d6 8.
c3 O-O 9. d3 Na5 10. Bc2 c5 11. Nbd2 Nd7 12. Nf1 Nb6 13. h3 Re8 14. Ne3 Nc6
15. Bb3 Be6 16. Bd5 Rc8 17. b3 Bf6 18. Bb2 Bxd5 19. exd5 Ne7 20. c4 g6 21.
Qd2 Bg7 22. g3 Qd7 23. h4 Rb8 24. Rad1 a5 25. h5 a4 26. hxg6 Nxg6 27. Ba1
Rf8 28. Ng2 f5 29. Qe2 f4 30. Qe4 Qg4 31. Nh2 Qg5 32. Nf3 Qg4 33. Nh2 Qh5
34. g4 Qg5 35. f3 Nd7 36. Nf1 h5 37. gxh5 Nh4 38. Qe2 Nf6 39. h6 Bxh6 40.
Nh2 Rb7 41. Qf2 Rg7 42. Rd2 Nxg2 0-1

[Event "12th Open"]
[Site "Dubai UAE"]
[Date "2010.04.06"]
[Round "2"]
[White "Mamedjarova,Z"]
[Black "Arun Prasad,S"]
[Result "1/2-1/2"]
[WhiteElo "2289"]
[BlackElo "2549"]
[EventDate "2010.04.05"]

1. d4 d5 2. c4 c6 3. Nf3 Nf6 4. e3 e6 5. Bd3 Nbd7 6. O-O g6 7. Nbd2 Bg7 8.
e4 dxe4 9. Nxe4 Nxe4 10. Bxe4 O-O 11. Qe2 Qc7 12. Re1 c5 13. dxc5 Nxc5 14.
Bc2 b6 15. Ne5 f6 16. Nd3 Nxd3 17. Bxd3 f5 18. c5 bxc5 19. Bc4 Kh8 20. Bxe6
Re8 21. Qf3 Bb7 22. Bf4 Bxf3 23. Bxc7 Be4 24. Bd7 Re7 25. Bc6 Rc8 26. Bd6
Rf7 27. Bxe4 fxe4 28. Rxe4 Bxb2 29. Be5+ Bxe5 30. Rxe5 c4 31. Kf1 Kg7 32.
Rc1 Rb7 33. Rc2 Kf6 34. Re4 Kf5 35. Rexc4 Rxc4 36. Rxc4 Rb1+ 37. Ke2 Rb2+
38. Ke3 Rxa2 39. Rc5+ Kf6 40. Rc7 h5 41. Rc6+ 1/2-1/2

[Event "12th Open"]
[Site "Dubai UAE"]
[Date "2010.04.06"]
[Round "2"]
[White "Wageih,K"]
[Black "Malakhatko,V"]
[Result "0-1"]
[WhiteElo "2268"]
[BlackElo "2548"]
[EventDate "2010.04.05"]

1. d4 d5 2. Nf3 Nf6 3. e3 c6 4. c4 a6 5. Bd3 Bg4 6. Nbd2 e6 7. Qc2 dxc4 8.
Bxc4 Nbd7 9. O-O c5 10. a3 Rc8 11. dxc5 Bxc5 12. b4 Bd6 13. Qa2 Qc7 14. Bb3
Ne5 15. h3 Nxf3+ 16. Nxf3 Bxf3 17. gxf3 Qc6 18. Qe2 Be5 19. Ra2 Nd5 20. Bd2
O-O 21. Rc2 Qd7 22. Rfc1 Rfd8 23. f4 Bb8 24. Qf3 Ne7 25. Bc3 Nf5 26. Qg4
Qe7 27. Bb2 g6 28. Rc5 Rd2 29. Bc3 Rd7 30. Ba4 b5 31. Bc2 Ba7 32. Re5 Ng7
33. f5 f6 34. fxe6 Rdc7 35. Rd5 f5 36. Qg2 Rxc3 37. Rd7 Qxe6 38. Rxa7 Ne8
39. Qb7 Nd6 40. Qf3 Nf7 41. Qb7 Qc4 42. Rd1 Rxc2 43. Rxa6 Ng5 44. Qg2 Rc1
45. Rxc1 Qxc1+ 46. Kh2 Qc7+ 47. Kg1 Ne4 0-1

[Event "12th Open"]
[Site "Dubai UAE"]
[Date "2010.04.06"]
[Round "2"]
[White "Salem,AR"]
[Black "Tejas,R"]
[Result "0-1"]
[WhiteElo "2483"]
[BlackElo "2165"]
[EventDate "2010.04.05"]

1. d4 Nf6 2. c4 e6 3. Nf3 d5 4. Nc3 Bb4 5. cxd5 exd5 6. Bg5 Nbd7 7. e3 c5
8. Bd3 Qa5 9. Qc2 c4 10. Bf5 O-O 11. O-O Re8 12. Nd2 g6 13. Bxd7 Nxd7 14.
h4 Nb6 15. f3 Bxc3 16. bxc3 Qa4 17. Qb2 Bf5 18. Rf2 Re6 19. Nf1 Rae8 20.
Kh1 Bd3 21. Nh2 f6 22. Bh6 R8e7 23. Ng4 Bf5 24. Raf1 Bd3 25. Rc1 Qc6 26.
Qa3 Nc8 27. Rd2 Qd6 28. Qa5 b6 29. Qa6 Qd7 30. Nf2 b5 31. Qa3 Nd6 32. Bf4
Nf5 33. Nxd3 cxd3 34. Rxd3 h6 35. Qb3 g5 36. Bh2 Rxe3 37. Rxe3 Rxe3 38.
hxg5 hxg5 39. Qc2 Qe6 40. Qb1 Re2 41. Rg1 a6 42. a4 bxa4 43. c4 dxc4 44. d5
Qxd5 45. Rd1 Qe6 46. Qb4 Kg7 47. Qb7+ Kg6 48. Qb1 c3 49. Rg1 c2 50. Qb4 Nh4
51. Qc3 Qe3 52. Qc8 Qe6 53. Qc3 f5 54. Bg3 a3 55. Qxa3 Rd2 56. Qc3 Qd5 57.
Be1 Re2 58. Qc7 Nxf3 59. Bc3 Ne5 60. Qb6+ Kh5 61. Qc7 Qd7 62. Qb8 Ng6 63.
Qh2+ Nh4 64. g4+ fxg4 65. Qxe2 Qc6+ 66. Kh2 Nf3+ 67. Kg3 Nxg1 68. Qh2+ Nh3
69. Qxc2 Qf3+ 70. Kh2 g3+ 0-1

[Event "12th Open"]
[Site "Dubai UAE"]
[Date "2010.04.06"]
[Round "2"]
[White "Maisuradze,N"]
[Black "Arizmendi Martinez,J"]
[Result "0-1"]
[WhiteElo "2254"]
[BlackElo "2531"]
[EventDate "2010.04.05"]

1. d4 d6 2. Nf3 Nf6 3. c4 g6 4. Nc3 Bf5 5. e3 Bg7 6. Bd3 Bxd3 7. Qxd3 O-O
8. O-O Nbd7 9. Rd1 e5 10. h3 Re8 11. dxe5 dxe5 12. e4 c6 13. Be3 Bf8 14.
Rab1 Qc7 15. Na4 Rad8 16. Qc2 b6 17. Nd2 Nh5 18. b4 Ng7 19. Nc3 Ne6 20. b5
Nd4 21. Qb2 Nc5 22. Nf1 Bg7 23. Kh1 Qc8 24. bxc6 Qxc6 25. f3 Na4 26. Nxa4
Qxa4 27. Nd2 Nc2 28. Bf2 Na3 29. Rbc1 Nxc4 30. Qb3 Qxb3 31. Nxb3 Rxd1+ 32.
Rxd1 a5 33. a4 Nb2 34. Ra1 Rd8 35. Ra2 Rd1+ 36. Kh2 Nd3 37. Bxb6 Rb1 38.
Nc5 Nb4 39. Re2 Nc6 40. Bc7 Bh6 41. Nd3 Rb7 42. Bxa5 Nxa5 43. Rc2 Rb3 44.
Rc5 Rxd3 45. Rxa5 Bf4+ 46. Kg1 Bg3 47. Rd5 Ra3 0-1

[Event "12th Open"]
[Site "Dubai UAE"]
[Date "2010.04.06"]
[Round "2"]
[White "Kotanjian,T"]
[Black "Mohannad,F"]
[Result "1-0"]
[WhiteElo "2522"]
[BlackElo "2254"]
[EventDate "2010.04.05"]

1. d4 Nf6 2. c4 e6 3. Nf3 b6 4. g3 Ba6 5. b3 Bb4+ 6. Bd2 Be7 7. Bg2 Bb7 8.
O-O O-O 9. Nc3 d5 10. Ne5 Na6 11. cxd5 exd5 12. Bg5 c5 13. Rc1 Nc7 14. dxc5
bxc5 15. Na4 Ne6 16. Bxf6 Bxf6 17. Nd3 Bg5 18. e3 Ba6 19. Re1 d4 20. Naxc5
dxe3 21. Nxa6 exf2+ 22. Nxf2 Qb6 23. Bxa8 Rxa8 24. Qd5 Rd8 25. Rxe6 h6 26.
Rxb6 Rxd5 27. Rb8+ Kh7 28. Rd1 1-0

[Event "12th Open"]
[Site "Dubai UAE"]
[Date "2010.04.06"]
[Round "2"]
[White "Lopez Martinez,Josep"]
[Black "Mamedjarova,T"]
[Result "1-0"]
[WhiteElo "2548"]
[BlackElo "2269"]
[EventDate "2010.04.05"]

1. d4 f5 2. c4 Nf6 3. Nc3 g6 4. h4 Bg7 5. h5 O-O 6. hxg6 hxg6 7. Bg5 d6 8.
Qd2 Qe8 9. Bh6 Qf7 10. Nf3 Bxh6 11. Rxh6 Ne4 12. Nxe4 fxe4 13. Qg5 Bf5 14.
g4 Kg7 15. Nh4 Qf6 16. Nxf5+ Kf7 17. Rh7+ Kg8 18. Rg7+ 1-0

[Event "12th Open"]
[Site "Dubai UAE"]
[Date "2010.04.06"]
[Round "2"]
[White "Berezina,I"]
[Black "Lalith,B"]
[Result "0-1"]
[WhiteElo "2239"]
[BlackElo "2493"]
[EventDate "2010.04.05"]

1. g3 d5 2. Bg2 c6 3. Nf3 Nf6 4. d3 Bg4 5. b3 Nbd7 6. Bb2 e6 7. O-O Bd6 8.
c4 O-O 9. Na3 Qe7 10. Nc2 a5 11. a3 Bxf3 12. exf3 Be5 13. Bxe5 Nxe5 14. f4
Ned7 15. Ne3 Rfd8 16. Qe2 Nc5 17. Qc2 a4 18. b4 Nb3 19. Rad1 d4 20. Rfe1
dxe3 21. fxe3 c5 22. b5 Rd6 23. Bf1 e5 24. fxe5 Qxe5 25. d4 cxd4 26. exd4
Qh5 27. d5 b6 28. Be2 Qg5 29. Bf3 Rc8 30. Rd3 h5 31. Kh1 h4 32. Kg1 hxg3
33. Be2 Ne4 0-1

[Event "12th Open"]
[Site "Dubai UAE"]
[Date "2010.04.06"]
[Round "2"]
[White "Mohamed,Sh"]
[Black "Satyapragyan,S"]
[Result "0-1"]
[WhiteElo "1877"]
[BlackElo "2466"]
[EventDate "2010.04.05"]

1. c4 c5 2. Nc3 Nc6 3. Nf3 g6 4. g3 Bg7 5. Bg2 d6 6. d3 Qd7 7. O-O b6 8. a3
Bb7 9. Rb1 e6 10. Bd2 Nge7 11. b4 O-O 12. Qb3 Nf5 13. e3 Rad8 14. Ne2 cxb4
15. axb4 Ne5 16. Nxe5 dxe5 17. Bxb7 Qxb7 18. e4 Ne7 19. Be3 Rd7 20. Rfd1
Rfd8 21. Bg5 Rc8 22. Bxe7 Rxe7 23. b5 Rd7 24. Nc1 Rcd8 25. Na2 Bf8 26. Rb2
Bc5 27. Rbd2 f5 28. Nb4 fxe4 29. Nc6 e3 30. Ra2 exf2+ 31. Kf1 a5 32. Nxe5
Qh1+ 33. Ke2 Qg2 34. Rf1 Rxd3 35. Qxd3 Rxd3 36. Nxd3 Qe4+ 37. Kd2 Qe3+ 38.
Kc3 Bb4+ 0-1

[Event "12th Open"]
[Site "Dubai UAE"]
[Date "2010.04.06"]
[Round "2"]
[White "Saleh,Nai"]
[Black "Grover,S"]
[Result "0-1"]
[WhiteElo "1816"]
[BlackElo "2434"]
[EventDate "2010.04.05"]

1. d4 Nf6 2. c4 e6 3. Nc3 Bb4 4. Qc2 O-O 5. Nf3 b6 6. Bg5 Bb7 7. e3 h6 8.
Bxf6 Qxf6 9. Be2 c5 10. Rd1 cxd4 11. exd4 d5 12. cxd5 Bxd5 13. a3 Bxc3+ 14.
Qxc3 Nc6 15. O-O Rad8 16. Ne5 Nxe5 17. dxe5 Qg6 18. Bf3 Bxf3 19. Qxf3 Qc2
20. Rb1 Rd3 21. Qb7 Rfd8 22. h3 Qa4 23. Rfc1 R8d7 24. Rc8+ Kh7 25. Rc7 Rd1+
26. Rxd1 Rxd1+ 27. Kh2 Qf4+ 28. g3 Qxf2+ 29. Qg2 Qf5 30. Rxf7 Qxf7 31. Qc2+
Qf5 32. Qxd1 Qf2+ 33. Kh1 Qxg3 34. Qc2+ Qg6 35. Qc6 Qb1+ 36. Kh2 Qxb2+ 37.
Kh1 Qxe5 38. Qc2+ Qf5 0-1

[Event "12th Open"]
[Site "Dubai UAE"]
[Date "2010.04.06"]
[Round "2"]
[White "Ibrahimov,R"]
[Black "Feldman,V"]
[Result "1-0"]
[WhiteElo "2538"]
[BlackElo "2258"]
[EventDate "2010.04.05"]

1. Nf3 Nf6 2. c4 g6 3. Nc3 d5 4. cxd5 Nxd5 5. Qa4+ Bd7 6. Qc2 Nb6 7. d4 Bg7
8. Bf4 O-O 9. Rd1 Nc6 10. Qc1 Bg4 11. d5 Nb4 12. Ne5 Bd7 13. e4 a5 14. Be2
a4 15. a3 Na6 16. Nxd7 Qxd7 17. O-O Nc5 18. Bb5 Qc8 19. Qe3 Nb3 20. Rfe1 c5
21. dxc6 bxc6 22. Nxa4 Nxa4 23. Bxa4 e5 24. Bxe5 Bxe5 25. Bxb3 Bxb2 26. e5
Re8 27. Bxf7+ Kxf7 28. Qb3+ Qe6 29. Qxb2 Rab8 30. Qc1 1-0

[Event "12th Open"]
[Site "Dubai UAE"]
[Date "2010.04.06"]
[Round "2"]
[White "Gupta,Ab"]
[Black "Hrabinska,M"]
[Result "1-0"]
[WhiteElo "2560"]
[BlackElo "2293"]
[EventDate "2010.04.05"]

1. d4 Nf6 2. c4 e6 3. Nf3 d5 4. g3 dxc4 5. Bg2 a6 6. O-O Nc6 7. Nc3 Rb8 8.
e4 b5 9. d5 Nb4 10. b3 Be7 11. bxc4 bxc4 12. Ne5 Bd7 13. Nxc4 exd5 14. exd5
Bf5 15. Na5 Qd7 16. a3 Nd3 17. Nc6 Rb6 18. Qe2 Nxc1 19. Raxc1 Bd3 20. Qxd3
Rxc6 21. Rfe1 Re6 22. Rxe6 fxe6 23. Bh3 Nxd5 24. Re1 Nxc3 25. Qxc3 Rf8 26.
Bxe6 Qd6 27. Qb3 Qb6 28. Qa4+ c6 29. Re2 Rf6 30. Qe4 Qc5 31. Qxh7 Qc1+ 32.
Kg2 Qxa3 33. Bg4 Qc3 34. Qg8+ Rf8 35. Rxe7+ 1-0